000 00822nam a2200217 i 4500
001 34153
003 ES-MaACL
005 20250727053335.0
007 t|
008 030204s1932 sp ||||1| spa d
100 1 _aBlanco-Belmonte, Marcos Rafael.
_929226
245 1 3 _aEl maestro Ibarra
_b: homenaje que la casa Gans, al celebrar sus bodas de oro, dedica al gran impresor Joaquín Ibarra /
_cpor M. R. Blanco Belmonte, R. de Córdoba y M. White.
260 _a[Madrid] :
_bRichard Gans,
_c[1932]
300 _aVII, 94 p. :
_bil. ;
_c27 cm.
600 1 7 _aIbarra, Joaquín,
_d1725-1785
_2embne
_9172326
700 1 _aCórdoba, R. de.
_940546
700 1 _aWhite, M.
_9116674
710 2 _aFundición Tipográfica de Richard Gans (Madrid) ‌
_9134818
852 _aES-MaACL
_jA-1174
999 _c34153
_d34153